| 000 | 01129 a2200325 4500 | ||
|---|---|---|---|
| 020 | _a0387984631 | ||
| 020 | _a9780387984636 | ||
| 082 | _a515.353 | ||
| 090 |
_c1730 _d1730 |
||
| 100 | 1 | _aEngel, Klaus-Jochen. | |
| 245 | 1 | 0 |
_aOne-parameter semigroups for linear evolution equations / _cKlaus-Jochen Engel, Rainer Nagel, S. Brendle, M. Campiti, T. Hahn, G. Metafune, G. Nickel, D. Pallara, C. Perazzoli, A. Rhandi, S. Romanelli, R. Schnaubelt. |
| 250 | _a2000th ed. | ||
| 260 |
_a[S.l.] : _bSpringer, _c1999. |
||
| 300 |
_a589 p. ; _c24 cm. |
||
| 490 | 1 | _aGraduate texts in mathematics. | |
| 700 | 1 | _aNagel, Rainer. | |
| 700 | 1 | _aBrendle, S. | |
| 700 | 1 | _aCampiti, M. | |
| 700 | 1 | _aHahn, T. | |
| 700 | 1 | _aMetafune, G. | |
| 700 | 1 | _aNickel, G. | |
| 700 | 1 | _aPallara, D. | |
| 700 | 1 | _aPerazzoli, C. | |
| 700 | 1 | _aRhandi, A. | |
| 700 | 1 | _aRomanelli, S. | |
| 700 | 1 | _aSchnaubelt, R. | |
| 830 | 0 | _aGraduate texts in mathematics. | |
| 942 |
_aSNS _cBK _k515.353 ENG |
||
| 999 |
_c30337 _d30337 |
||